| 000 | 00597nam a22002057a 4500 | ||
|---|---|---|---|
| 999 |
_c1715 _d1715 |
||
| 003 | AR-CdUCM | ||
| 008 | 190227b ||||| |||| 00| 0 spa d | ||
| 020 | _a8423911977 | ||
| 040 |
_aMUNICIPALIDAD PROVINCIAL DEL CUSCO _cBIBLIOTECA MUNICIPAL DEL CUSCO |
||
| 082 |
_23ed. _a868.2 / _bP73 |
||
| 245 | _aPoema de Fernán González / | ||
| 260 |
_aMadrid : _bEspasa-Calpe, _c1973. |
||
| 300 |
_a139 páginas ; _c17 cm. |
||
| 440 |
_aColección Austral. _9172 |
||
| 650 |
_aLiteratura española _9362 |
||
| 650 |
_aProsa _92210 |
||
| 650 |
_aHistórica _96339 |
||
| 942 |
_2ddc _cLIBROS |
||
| 945 | _azta | ||